| 000 | 00625nam a2200241Ia 4500 | ||
|---|---|---|---|
| 003 | GCL | ||
| 008 | 140319s9999 xx 000 0 eng d | ||
| 040 |
_aGCL / _cGCL |
||
| 082 | 0 | 4 |
_aCC _b916.202 _bE G |
| 100 | 1 | _aGOLVIN, JEAN CLAUDE | |
| 245 | 1 | 0 |
_aGUIDE DE KARNAK / _cGOLVIN, JEAN CLAUDE |
| 700 | 1 | _aGOYON, JEAN CLAUDE | |
| 700 | 1 | _aELSAGHIR, MOHAMMED | |
| 700 | 1 | _aHEGAZY, ELSAYED | |
| 260 |
_a[S.N] : _bPRESSES DU CNRS ، _c1989 |
||
| 300 | _a63 P | ||
| 650 | 0 | 4 | _aKARNAK |
| 650 | 0 | 4 | _aEGYPT - CIVILIZATION |
| 650 | 0 | 4 | _aEGYPT - ANTIQUITIES |
| 650 | 0 | 4 | _aEGYPTIAN |
| 650 | 0 | 4 | _aGUIDE BOOKS |
| 942 |
_2ddc _cBK |
||
| 999 |
_c14846 _d14846 |
||